عرض عادي
عرض مارك
- Clemm, Alexander.
مدخل إسم شخص
001 - رقم الضبط
- حقل الضبط: 39565
003 - معرف رقم الضبط
- حقل الضبط: OSt
005 - تاريخ ووقت أخر عملية
- حقل الضبط: 20131113142644.0
008 - عناصر بيانات ثابتة الطول
- حقل تحكم ثابت الطول: 131113|||a|||||| | ||| d
040 ## - مصدر الفهرسة
- هيئة الفهرسة الأصلية: OSt
- وكالة الكتابة: OSt
100 ## - مدخل -- أسم شخص
- إسم شخص: Clemm, Alexander.
670 ## - بيانات المصدر موجوده
- الاستشهاد بالمصدر: Work cat.: (OSt)0: Clemm, Alexander., Network management fundamentals /, c2007.
